|
|
|
|
| LEADER |
01228nam a2200337Ia 4500 |
| 001 |
EBC258138 |
| 003 |
MiAaPQ |
| 005 |
20200520144314.0 |
| 006 |
m o d | |
| 007 |
cr cn||||||||| |
| 008 |
000815s2006 enk s 000 0 eng d |
| 020 |
|
|
|z 1845448960
|
| 035 |
|
|
|a (MiAaPQ)EBC258138
|
| 035 |
|
|
|a (Au-PeEL)EBL258138
|
| 035 |
|
|
|a (CaPaEBR)ebr10120683
|
| 035 |
|
|
|a (CaONFJC)MIL50679
|
| 035 |
|
|
|a (OCoLC)68908157
|
| 040 |
|
|
|a MiAaPQ
|c MiAaPQ
|d MiAaPQ
|
| 050 |
|
4 |
|a HD6053
|b .S87 2006
|
| 245 |
0 |
0 |
|a Supporting women's career advancement
|h [electronic resource] /
|c guest editors: Ronald J. Burke and Susan Vinnicombe.
|
| 260 |
|
|
|a Bradford, England :
|b Emerald Group Publishing,
|c c2006.
|
| 300 |
|
|
|a 86 p.
|
| 490 |
0 |
|
|a Women in management review ;
|v v. 21, no. 1
|
| 533 |
|
|
|a Electronic reproduction. Ann Arbor, MI : ProQuest, 2015. Available via World Wide Web. Access may be limited to ProQuest affiliated libraries.
|
| 650 |
|
0 |
|a Businesswomen.
|
| 650 |
|
0 |
|a Women executives.
|
| 655 |
|
4 |
|a Electronic books.
|
| 700 |
1 |
|
|a Burke, Ronald J.
|
| 700 |
1 |
|
|a Vinnicombe, Susan.
|
| 710 |
2 |
|
|a ProQuest (Firm)
|
| 856 |
4 |
0 |
|u https://ebookcentral.proquest.com/lib/matrademy/detail.action?docID=258138
|z Click to View
|